000 00465 a2200157 4500
999 _c3036
_d3036
020 _a0748755535
050 _aLB1140 NEA 2000
100 _aNeaum,Sally
_eAuthor
245 _aGood Practice in implementing the pre-school curriculum /
_cSally Neaum and Jill Tallack
250 _a2nd.
264 _aUnited Kingdom:
_bStanley Thornes,
_c2000
300 _a216p. :
500 _aIncludes index
650 _aEducation, Preschool ---
942 _2lcc
_cBK
_h1140
_iNEA
_kLB